<?xml version="1.0" encoding="UTF-8"?><?xml-stylesheet type="text/xsl" href="static/style.xsl"?><OAI-PMH xmlns="http://www.openarchives.org/OAI/2.0/" xmlns:xsi="http://www.w3.org/2001/XMLSchema-instance" xsi:schemaLocation="http://www.openarchives.org/OAI/2.0/ http://www.openarchives.org/OAI/2.0/OAI-PMH.xsd"><responseDate>2026-04-30T05:16:13Z</responseDate><request verb="GetRecord" identifier="oai:uvadoc.uva.es:10324/27093" metadataPrefix="marc">http://uvadoc.uva.es/oai/request</request><GetRecord><record><header><identifier>oai:uvadoc.uva.es:10324/27093</identifier><datestamp>2021-06-29T19:27:44Z</datestamp><setSpec>com_10324_38</setSpec><setSpec>col_10324_852</setSpec></header><metadata><record xmlns="http://www.loc.gov/MARC21/slim" xmlns:doc="http://www.lyncode.com/xoai" xmlns:xsi="http://www.w3.org/2001/XMLSchema-instance" xmlns:dcterms="http://purl.org/dc/terms/" xsi:schemaLocation="http://www.loc.gov/MARC21/slim http://www.loc.gov/standards/marcxml/schema/MARC21slim.xsd">
<leader>00925njm 22002777a 4500</leader>
<datafield tag="042" ind1=" " ind2=" ">
<subfield code="a">dc</subfield>
</datafield>
<datafield tag="720" ind1=" " ind2=" ">
<subfield code="a">Alonso Vaz, María del Carmen</subfield>
<subfield code="e">author</subfield>
</datafield>
<datafield tag="260" ind1=" " ind2=" ">
<subfield code="c">2017</subfield>
</datafield>
<datafield tag="520" ind1=" " ind2=" ">
<subfield code="a">El presente Trabajo Fin de Grado titulado “Análisis y evolución del cuento Los tres cerditos”, aborda la importancia del cuento en la etapa de Educación Infantil, y en particular del relato de Los tres cerditos, como una herramienta importante en el proceso de enseñanza-aprendizaje de los niños y como medio para la educación en valores. Tomando la versión popularizada por Walt Disney del cuento tradicional, se procede al análisis literario y de sus enseñanzas morales. También se abordan otras versiones que han ido surgiendo con el paso del tiempo.&#xd;
Por lo tanto, partiendo de la fundamentación teórica basada en la literatura infantil, el cuento y sus aplicaciones didácticas, se realiza un análisis de la historia de Los tres cerditos, haciendo un recorrido a lo largo de sus orígenes y por algunas de sus adaptaciones más notorias.</subfield>
</datafield>
<datafield tag="024" ind2=" " ind1="8">
<subfield code="a">http://uvadoc.uva.es/handle/10324/27093</subfield>
</datafield>
<datafield tag="245" ind1="0" ind2="0">
<subfield code="a">Análisis y evolución del cuento Los tres cerditos</subfield>
</datafield>
</record></metadata></record></GetRecord></OAI-PMH>